000 00613nam a2200193 a 4500
005 20240416064128.0
008 991125s1941 new 000 0 eng u
035 _aUPN01000052508
049 _aCG
050 4 _aLB1573
_bR63
245 0 0 _aRoud about /
_cMabel O' Domell, Alice Carey.
260 _aNew York :
_bRow Peterson and Company,
_c1941.
300 _a204 p. :
_bil. col.
440 4 _aThe Alice and Jerry books
650 4 _aLenguaje y lenguas
_xEstudio y enseñanza (Elemental)
_97681
650 4 _aNiños
_xLenguaje
_95709
650 4 _aLectura
_xEstudio y enseñanza (Elemental)
_92805
905 _aLibro
999 _c52508
_d52508